000 00332nam a2200121Ia 4500
008 190722s9999 xx 000 0 und d
020 _a0-19-808913-9
100 _aAdel.S.Sedra Kenneth
245 0 _aMicroelectronic Circuits theory and applications
260 _aIndia
_bOxford university press
_c2015
300 _a1384
942 _cBK
999 _c831
_d831